000 00599nam a2200241Ia 4500
003 OSt
005 20231005114130.0
008 210210b2007 xxu||||| |||| 00| 0 eng d
020 _a9788172234898
040 _cAL
041 _aeng
082 _a813.54 SHEM
100 _aSHELDON (Sidney)
_9136193
245 _aMemories of midnight
260 _aNew Delhi
_bHarper & Collins Publishers
_c2007
300 _a291
650 _aof
_9136194
650 _amidnight
_9136195
650 _aMemories
_9136196
690 _aAmerican English Fiction
_9136197
906 _a062543
942 _2ddc
_cBK
999 _c117645
_d117645